[Event "Belgrade Premier League"]
[Site "Belgrade SCG"]
[Date "2005.10.01"]
[Round "1"]
[White "Tatisic,M"]
[Black "Govedarica,R"]
[Result "1-0"]
[WhiteElo "2260"]
[BlackElo "2418"]

1.c4 e5 2.g3 Nf6 3.Bg2 Nc6 4.Nc3 Bb4 5.Nd5 Bc5 6.e3 O-O 7.Ne2 d6 8.O-O Nxd5
9.cxd5 Ne7 10.d4 exd4 11.Nxd4 Bd7 12.a3 a5 13.b3 Nf5 14.Bb2 Qf6 15.Rc1 Rfe8
16.Rc2 Nxd4 17.Bxd4 Bxd4 18.Qxd4 Qxd4 19.exd4 Rac8 20.Rfc1 Bf5 21.Rc3 Re7
22.h3 h5 23.Re3 Kf8 24.Rce1 Rxe3 25.Rxe3 c5 26.dxc6 bxc6 27.b4 axb4 28.axb4 Bd7
29.Rc3 d5 30.Kf1 Ra8 31.Ke2 Ra2+ 32.Ke3 Rb2 33.h4 Rxb4 34.Bf3 g6 35.Ra3 Ke7
36.Bd1 Rb7 37.Rc3 Kd6 38.Ra3 Bf5 39.Bb3 Re7+ 40.Kd2 Bg4 41.Kc3 Re6 42.Ra2 f6
43.Rd2 g5 44.hxg5 fxg5 45.Bd1 Bxd1 46.Rxd1 h4 47.gxh4 gxh4 48.Rh1 Rh6 49.Rh3 Ke6
50.Kd3 Kf5 51.f3 Kg5 52.Ke3 Rh8 53.Ke2 Ra8 54.Rh1 Ra2+ 55.Ke3 Rg2 56.Rh3 Rg3
57.Rh2 h3 58.Ra2 Kh4 59.Kf4 Rg8 60.Ra7 Rf8+ 61.Ke3 Rh8 62.Kf2 h2 63.Kg2 Kg5
64.Kh1 Kf4 65.Rf7+ Ke3  1-0

[Event "Open A"]
[Site "Hamburg GER"]
[Date "2005.10.01"]
[Round "1"]
[White "Asendorf,J"]
[Black "Knaak,M"]
[Result "1/2-1/2"]
[WhiteElo "2328"]
[BlackElo "1998"]

1.c4 e5 2.g3 Nf6 3.Bg2 c6 4.d4 exd4 5.Qxd4 d5 6.cxd5 cxd5 7.Nf3 Nc6 8.Qa4 Bd7
9.O-O Qb6 10.Qd1 h6 11.Nc3 Be6 12.b3 Be7 13.Bb2 O-O 14.Rc1 a6 15.Na4 Qd8
16.Nd4 Rc8 17.Nxc6 Rxc6 18.Rxc6 bxc6 19.Qd4 Qa5 20.Rc1 Rc8 21.e3 c5 22.Qc3 Qxc3
23.Rxc3 c4 24.Rc1 Rb8 25.Be5 Rb5 26.Bf1 Ba3 27.Rd1 Rb7 28.bxc4 dxc4 29.Nc3 Nd7
30.Bd4 Rb2 31.Bg2 Bb4 32.Nd5 Rd2 33.Rxd2 Bxd2 34.Bc3 Bxc3 35.Nxc3 Kf8  1/2-1/2

[Event "Open A"]
[Site "Hamburg GER"]
[Date "2005.10.01"]
[Round "1"]
[White "Bohn,C"]
[Black "Fruebing,S"]
[Result "0-1"]
[WhiteElo "1918"]
[BlackElo "2233"]

1.c4 e5 2.g3 Nf6 3.Bg2 d5 4.cxd5 Nxd5 5.Nc3 Nb6 6.Nf3 Nc6 7.O-O Be7 8.a3 O-O
9.b4 f6 10.d3 Bg4 11.Be3 Qd7 12.Ne4 Rad8 13.Rc1 Nd5 14.Bc5 b6 15.Bxe7 Ndxe7
16.Ned2 a5 17.b5 Nd4 18.a4 c5 19.Nc4 Qe6 20.Nxd4 exd4 21.Qd2 Nd5 22.Rfe1 Rfe8
23.e3 dxe3 24.fxe3 Bh5 25.d4 Nb4 26.Rc3 cxd4 27.Rcc1 d3 28.Rc3 Bf7 29.Bc6 Nxc6
30.bxc6 Qxc6 31.Ne5 Qe4 32.Nxf7 Kxf7 33.Rc7+ Re7 34.Qa2+ Qd5 35.Rxe7+ Kxe7
36.Qxd5 Rxd5 37.Kf2 d2 38.Rd1 Kd6 39.Ke2 Kc5  0-1

[Event "Open A"]
[Site "Hamburg GER"]
[Date "2005.10.01"]
[Round "1"]
[White "Costello,C"]
[Black "Christ,R"]
[Result "1-0"]
[WhiteElo "2012"]
[BlackElo "2314"]

1.c4 e5 2.g3 Nf6 3.Bg2 d5 4.cxd5 Nxd5 5.Nc3 Nb6 6.Nf3 Nc6 7.O-O Be7 8.a3 O-O
9.b4 Be6 10.d3 f6 11.Bb2 Qd7 12.Rc1 Rfd8 13.Qc2 a5 14.b5 Nd4 15.Nxd4 exd4
16.Nd1 Nd5 17.a4 Rac8 18.Qb1 c5 19.Re1 Nb6 20.Qa1 Bb3 21.e3 Nxa4 22.exd4 cxd4
23.Rxc8 Rxc8 24.Bxd4 Bb4 25.Rf1 Qxb5 26.Ne3 Bc3 27.Bxc3 Nxc3 28.Qb2 a4 29.Bh3 Re8
30.Qxc3 a3 31.Bd7 Qxd7 32.Qxb3+  1-0

[Event "NK Rapid"]
[Site "Vlaardingen NED"]
[Date "2005.10.01"]
[Round "2"]
[White "Cekro,E"]
[Black "Glek,I"]
[Result "0-1"]
[WhiteElo "2410"]
[BlackElo "2566"]

1.c4 e5 2.g3 Nf6 3.Bg2 h6 4.Nc3 Bb4 5.e4 Bxc3 6.bxc3 O-O 7.Ne2 Re8 8.O-O c6
9.Qb3 Na6 10.Ba3 b6 11.d3 d6 12.Rad1 Qc7 13.f4 Nc5 14.Qc2 Ncd7 15.Bc1 Bb7
16.Bh3 b5 17.fxe5 dxe5 18.c5 a5 19.Be3 Bc8 20.Kh1 Qa7 21.Ng1 b4 22.Rb1 Nf8  0-1

[Event "NK Rapid"]
[Site "Vlaardingen NED"]
[Date "2005.10.01"]
[Round "4"]
[White "Cekro,E"]
[Black "Van den Doel,E"]
[Result "0-1"]
[WhiteElo "2410"]
[BlackElo "2582"]

1.c4 e5 2.g3 Nf6 3.Bg2 c6 4.Nf3 e4 5.Nd4 d5 6.cxd5 Qxd5 7.e3 Bg4 8.Qc2 Na6
9.Nc3 Nb4 10.Nxd5 Nxc2+ 11.Nxc2 cxd5 12.Nd4 Bc5 13.Nb3 Bb6 14.O-O O-O 15.f3 exf3
16.Bxf3 Bxf3 17.Rxf3 Rac8 18.d4 Rc2 19.Rb1 Ne4 20.Na1 Re2 21.a4 Rc8 22.Rf1 Bd8
23.b4 Bg5 24.Rb3 Ra2 25.Ra3 Bxe3+ 26.Rxe3 Rxa1 27.Ree1 Rxa4 28.Rf5 Ra1 29.Bd2 Rcc1
30.Kf1 Nf6 31.h3 Rd1 32.b5 Rab1 33.g4 Rxb5 34.Ke2  0-1

[Event "NK Rapid"]
[Site "Vlaardingen NED"]
[Date "2005.10.01"]
[Round "7"]
[White "De Vreugt,D"]
[Black "Naiditsch,A"]
[Result "0-1"]
[WhiteElo "2448"]
[BlackElo "2641"]

1.c4 e5 2.g3 Nf6 3.Bg2 d5 4.cxd5 Nxd5 5.Nc3 Nb6 6.Nf3 Nc6 7.O-O Be7 8.a3 Be6
9.b4 a5 10.Rb1 axb4 11.axb4 f6 12.b5 Nd4 13.e3 Nxf3+ 14.Qxf3 Ra7 15.d4 O-O
16.Rd1 Qc8 17.Qe2 Bf5 18.Ne4 Bg4 19.Bf3 Bxf3 20.Qxf3 exd4 21.Rxd4 Qe6 22.Nc3 Bc5
23.Rd1 Nc4 24.Nd5 b6 25.Nf4 Qf7 26.Bb2 Ra2 27.Bc3 Rc2 28.Rbc1 Rxc1 29.Rxc1 Rd8
30.Qg4 Nxe3 31.Qf3 Nc4 32.Nh5 Ne5 33.Bxe5 fxe5  0-1

[Event "Open A"]
[Site "Hamburg GER"]
[Date "2005.10.02"]
[Round "2"]
[White "Stark,L"]
[Black "Becker,Ni"]
[Result "1-0"]
[WhiteElo "2342"]
[BlackElo "2122"]

1.c4 e5 2.g3 Nf6 3.Bg2 d5 4.cxd5 Nxd5 5.Nf3 Nc6 6.O-O Nb6 7.b3 e4 8.Ne1 f5
9.Bb2 Be6 10.d3 Bc5 11.Qc1 Qe7 12.Nc3 Nd5 13.dxe4 Nxc3 14.Bxc3 fxe4 15.Bxe4 Nd4
16.Bxd4 Bxd4 17.Bxb7 O-O 18.Rb1 Rad8 19.e3 Bc5 20.Bg2 Kh8 21.Qc2 Bg4 22.Nd3 Bxe3
23.fxe3 Qxe3+ 24.Kh1 Rxf1+ 25.Rxf1 Be2 26.Qc5 Qxc5 27.Nxc5 Bxf1 28.Bxf1 Rd1
29.Kg1 Kg8 30.a4 Kf7 31.Kf2 Ke7 32.Bc4 Rc1 33.h4 Kd6 34.Nd3 Rc2+ 35.Kf3 a5
36.Bg8 Rc3 37.Ke3 Rc2 38.Bxh7 c5 39.Bg8 Rg2 40.Kf3 Rg1 41.Kf2 Rd1 42.Bc4 Rh1
43.Kf3  1-0

[Event "Open A"]
[Site "Hamburg GER"]
[Date "2005.10.02"]
[Round "2"]
[White "Kastek,T"]
[Black "Castle,K"]
[Result "1/2-1/2"]
[WhiteElo "2209"]
[BlackElo "1941"]

1.c4 e5 2.g3 d6 3.Bg2 f5 4.d4 e4 5.Nc3 Nf6 6.f3 exf3 7.Nxf3 Be7 8.O-O O-O
9.d5 Nbd7 10.Nd4 Ne5 11.Nxf5 Nxc4 12.b3 Bxf5 13.Rxf5 Ne5 14.e4 Nfg4 15.h3 Rxf5
16.exf5 Nf6 17.Be3 a6 18.Ne2 Qd7 19.Nd4 c5 20.dxc6 bxc6 21.Rc1 d5 22.Bf4 Bd6
23.Qe2 Qa7 24.Be3 Bc5 25.Qd2 Ne4  1/2-1/2

[Event "2nd Highlands Open A"]
[Site "Havlickuv Brod CZE"]
[Date "2005.10.02"]
[Round "9"]
[White "Talla,V"]
[Black "Folk,P"]
[Result "1/2-1/2"]
[WhiteElo "2401"]
[BlackElo "2246"]

1.c4 e5 2.g3 Nc6 3.Bg2 g6 4.Nc3 Bg7 5.e4 d6 6.Nge2 h5 7.h4 Be6 8.d3 Nh6 9.O-O O-O
10.Nd5 Ne7 11.d4 c6 12.Ndc3 Bxc4 13.b3 Bxe2 14.Nxe2 exd4 15.Nxd4 Ng4 16.Rb1 d5
17.Ba3 Re8 18.Bxe7 Rxe7 19.exd5 cxd5 20.Qd2 Qb6 21.Rbd1 Rae8 22.Qd3 Qc5 23.Rd2 Ne3
24.Rb1 Nxg2 25.Kxg2 Bxd4 26.Qxd4 Qxd4 27.Rxd4 Re2 28.a4 R8e5 29.Kf1 Rc2 30.Re1 Rxe1+
31.Kxe1 Rb2 32.Rb4 b6 33.Rb5 Kf8 34.a5 bxa5 35.Rxd5 Rxb3 36.Rxa5 Rb7 37.Ra6 Ke7
38.Kf1 Kf8 39.f3 Ke8 40.Kf2 Kd8 41.g4 hxg4 42.fxg4 Kc8 43.h5 gxh5 44.gxh5  1/2-1/2

[Event "Belgrade Premier League"]
[Site "Belgrade SCG"]
[Date "2005.10.03"]
[Round "3"]
[White "Tatisic,M"]
[Black "Prelevic,D"]
[Result "0-1"]
[WhiteElo "2260"]
[BlackElo "2299"]

1.c4 e5 2.g3 Nc6 3.Bg2 f5 4.Nc3 Nf6 5.d3 Bb4 6.Bd2 O-O 7.Nf3 d6 8.Nd5 Bxd2+
9.Nxd2 Ne7 10.b4 c6 11.Nxe7+ Qxe7 12.O-O f4 13.Rb1 Qf7 14.b5 c5 15.Ne4 Nxe4
16.Bxe4 Bh3 17.Bd5 Be6 18.Bg2 Kh8 19.Qe1 g5 20.h3 Qd7 21.g4 h5 22.f3 Kg7
23.Qc3 Rh8 24.Kf2 b6 25.a4 a5 26.Rh1 Kf6 27.e3 fxe3+ 28.Kxe3 Raf8 29.h4 hxg4
30.hxg5+ Kxg5 31.fxg4 Bxg4 32.Rbf1 Rxh1 33.Rxh1 Bh5 34.Rg1 Qg4  0-1

[Event "Open A"]
[Site "Hamburg GER"]
[Date "2005.10.03"]
[Round "3"]
[White "Laqua,C"]
[Black "Schulz,HJ"]
[Result "1-0"]
[WhiteElo "2202"]
[BlackElo "2034"]

1.c4 e5 2.g3 Nf6 3.Bg2 d5 4.cxd5 Nxd5 5.Nf3 Nc6 6.O-O Be7 7.d4 e4 8.Ne5 Bf5
9.Nxc6 bxc6 10.Qc2 Nb4 11.Qd2 Qd7 12.Nc3 Qe6 13.a3 Nd5 14.b4 h6 15.Bb2 O-O
16.e3 Nb6 17.Qc2 Nc4 18.Rab1 Nd6 19.Na4 Qd5 20.Rfc1 Rac8 21.Nc3 Qe6 22.Ne2 Bf6
23.Qxc6 g5 24.d5 Qe7 25.Nd4 Bd7 26.Qa6 Bxd4 27.Bxd4 Bb5 28.Qxa7 Bd3 29.Rb3 Nb5
30.Qc5 Nd6 31.Bb2 Qd7 32.Qc6 Qe7 33.Qc3 f6 34.Qc6 f5 35.a4 Rf7 36.Qc3 Kh7
37.b5 Bc4 38.Rb4 Bxd5 39.Rd4 Qe6 40.Rcd1 Bb7 41.Ba3 Rd7 42.b6 Kg8 43.Bf1 Kh7
44.Qb2 c5 45.R4d2 Rcd8 46.Bxc5 Nf7 47.Rxd7 Rxd7 48.Rxd7 Qxd7 49.Qf6 g4 50.Bf8 Ng5
51.Qxh6+ Kg8 52.Bc4+  1-0

[Event "Belgrade Premier League"]
[Site "Belgrade SCG"]
[Date "2005.10.04"]
[Round "4"]
[White "Jovic,A"]
[Black "Maric,Dr"]
[Result "1-0"]
[WhiteElo "2409"]
[BlackElo "2319"]

1.c4 e5 2.g3 Nf6 3.Bg2 c6 4.d4 exd4 5.Qxd4 Na6 6.Nh3 Bc5 7.Qd1 O-O 8.Nf4 d6
9.O-O Be6 10.b3 Qb6 11.Nc3 Rad8 12.Bb2 Nc7 13.Na4 Qa6 14.Bxf6 gxf6 15.Nh5 b5
16.cxb5 Qxb5 17.Nxf6+ Kg7 18.Nh5+ Kh6 19.Bf3 Ba3 20.Qd2+ Qg5 21.Nf4 Kg7 22.Bxc6 d5
23.Qd4+ Kg8 24.b4 a6 25.Rab1 Nb5 26.Bxb5 axb5 27.Nc5 Bf5 28.Rb3 Ra8 29.Nxd5 Be6  1-0

[Event "Open A"]
[Site "Hamburg GER"]
[Date "2005.10.04"]
[Round "4"]
[White "Costello,C"]
[Black "Schuh,D"]
[Result "0-1"]
[WhiteElo "2012"]
[BlackElo "2272"]

1.c4 e5 2.g3 d6 3.Bg2 f5 4.Nc3 Nf6 5.d3 Be7 6.Nf3 O-O 7.O-O Qe8 8.Bg5 Na6
9.Rb1 c6 10.b4 Nc7 11.b5 Ne6 12.bxc6 bxc6 13.Qa4 Bd7 14.Bxf6 Rxf6 15.Qa5 Rh6
16.Rb7 a6 17.Rfb1 Nc5 18.R7b2 e4 19.Nd4 Bd8 20.Qa3 Bf6 21.e3 Nxd3 22.Rb6 Bxd4
23.exd4 e3 24.fxe3 Qxe3+ 25.Kh1 Nf2+ 26.Kg1 Nh3+ 27.Kh1 Qg1+ 28.Rxg1 Nf2+  0-1

[Event "Open A"]
[Site "Hamburg GER"]
[Date "2005.10.04"]
[Round "4"]
[White "Wurzel,A"]
[Black "Souleidis,G"]
[Result "0-1"]
[WhiteElo "2197"]
[BlackElo "2421"]

1.c4 e5 2.g3 Nf6 3.Bg2 Bc5 4.Nc3 O-O 5.e3 Re8 6.Nge2 Nc6 7.a3 a5 8.d3 d6
9.h3 Ba7 10.O-O Be6 11.Nd5 Bxd5 12.cxd5 Ne7 13.Nc3 c6 14.Qb3 Qd7 15.Kh2 Reb8
16.Bd2 Nexd5 17.Nxd5 cxd5 18.Bxd5 a4 19.Qa2 Nxd5 20.Qxd5 Qc6 21.Qe4 Qxe4
22.dxe4 Rc8 23.Rac1 Bc5 24.Rc2 f6 25.Rfc1 b6 26.Kg2 Kf7 27.Kf3 Ke6 28.Ke2 g6
29.f4 Kd7 30.Bc3 h5 31.Rf1 Ke7 32.Rcc1 Rg8 33.Rcd1 Raf8 34.Rc1 f5 35.fxe5 fxe4
36.exd6+ Bxd6 37.Bb4 Bxb4 38.axb4 Rxf1 39.Rxf1 Rc8 40.Rd1 Rc2+ 41.Rd2 Rxd2+
42.Kxd2 Kd6 43.Kc2 Kc6 44.Kd2 Kb5 45.Kc3 g5  0-1

[Event "Vojvodina Quality League"]
[Site "Pancevo SCG"]
[Date "2005.10.05"]
[Round "4"]
[White "Jotic,V"]
[Black "Popovic,Milo"]
[Result "0-1"]
[WhiteElo "2263"]
[BlackElo "2334"]

1.c4 e5 2.g3 Nf6 3.Bg2 Nc6 4.Nc3 Bb4 5.Na4 d5 6.a3 Be7 7.cxd5 Nxd5 8.b4 O-O
9.Bb2 Be6 10.Nf3 e4 11.Ne5 Nxe5 12.Bxe5 a5 13.Nc5 Bxc5 14.bxc5 Qg5 15.Bd4 Qg6
16.Qb1 Bf5 17.e3 b6 18.cxb6 cxb6 19.O-O Rad8 20.Qb2 Bg4 21.f3 exf3 22.Bxf3 Bxf3
23.Rxf3 Rc8 24.Qb3 Qe6 25.Raf1 Rc6 26.Rf5 Nc7 27.Qxe6 Nxe6 28.Bc3 f6 29.Rb1 Rd8
30.e4 Nc5 31.e5 Rd5 32.Rbf1 Ne4 33.exf6 Rxf5 34.Rxf5 Nxc3 35.dxc3 gxf6 36.Rb5 Rxc3
37.Rxb6 Kf7 38.Ra6 Rxa3 39.Kf2 Kg6 40.h3 a4 41.Ra5 h6 42.Kg2 Ra1 43.Kf3 a3
44.Kf2 h5 45.Kf3 h4 46.gxh4 a2 47.Kg2 f5 48.Kh2 f4 49.Ra6+ Kh5 50.Ra5+ Kxh4
51.Ra4 Kg5 52.h4+ Kf5 53.Ra3 Kg6 54.Ra6+ Kh5 55.Ra5+ Kxh4 56.Ra4 Kg5 57.Ra5+ Kf6
58.Ra6+ Ke5  0-1

[Event "Open A"]
[Site "Hamburg GER"]
[Date "2005.10.06"]
[Round "6"]
[White "Ghadimi,M"]
[Black "Becker,Ni"]
[Result "0-1"]
[WhiteElo "2145"]
[BlackElo "2122"]

1.c4 e5 2.g3 Nf6 3.Bg2 d5 4.cxd5 Nxd5 5.Nc3 Nb6 6.Nf3 Nc6 7.O-O Be7 8.d3 O-O
9.Bd2 Bg4 10.h3 Bh5 11.Na4 e4 12.Nxb6 exf3 13.Nxa8 fxe2 14.Qb3 exf1=Q+ 15.Rxf1 Qxa8
16.g4 Bg6 17.f4 h6 18.f5 Bh7 19.Bc3 Kh8 20.Be4 f6 21.Qc2 Qd8 22.Qg2 Nd4 23.Bxb7 c6
24.Ba6 Qb6 25.Bc4 Nxf5+ 26.Kh1 Ne3  0-1

[Event "Open A"]
[Site "Hamburg GER"]
[Date "2005.10.06"]
[Round "6"]
[White "Siebrecht,S"]
[Black "Schuh,D"]
[Result "1-0"]
[WhiteElo "2485"]
[BlackElo "2272"]

1.c4 e5 2.g3 d6 3.Bg2 f5 4.Nc3 Nf6 5.Nf3 Be7 6.O-O O-O 7.d4 e4 8.Ng5 c6 9.d5 Na6
10.Nh3 c5 11.f3 exf3 12.exf3 Nc7 13.Re1 Nd7 14.Bf4 b5 15.cxb5 Rb8 16.Bf1 a6
17.a4 axb5 18.Nxb5 Nxb5 19.Bxb5 Ne5 20.Bxe5 dxe5 21.d6 Bxd6 22.Qd5+ Kh8 23.Rad1 Bc7
24.Qxd8 Bxd8 25.Rxe5 Bb7 26.Kf2 g5 27.Rd7 Bxf3 28.Nxg5 Bxg5 29.Kxf3 c4 30.Rc5 Rfc8
31.Rxf5 Bc1 32.Rff7 Rf8 33.Bxc4 Bxb2 34.a5 Rxf7+ 35.Rxf7 Ra8 36.a6 Bd4 37.Ke4 Bg1
38.h4 Bh2 39.g4 Bg1 40.g5 Bb6 41.Bd5  1-0

[Event "FSGM October"]
[Site "Budapest HUN"]
[Date "2005.10.07"]
[Round "5"]
[White "Czebe,A"]
[Black "Murariu,A"]
[Result "1/2-1/2"]
[WhiteElo "2497"]
[BlackElo "2441"]

1.c4 e5 2.g3 Nf6 3.Bg2 d5 4.cxd5 Nxd5 5.Nc3 Nb6 6.Nf3 Nc6 7.O-O Be7 8.Rb1 g5
9.d3 h5 10.Be3 g4 11.Nd2 Nd4 12.a4 a5 13.Nc4 Nxc4 14.dxc4 c6 15.Qd3 f5 16.Rbd1 Bf6
17.f4 gxf3 18.exf3 Kf7 19.Rfe1 h4 20.Bxd4 Qxd4+ 21.Qxd4 exd4 22.Ne2 hxg3
23.hxg3 Rd8 24.Nf4 Bg5 25.Re5 Bxf4 26.gxf4 Be6 27.Bf1 Kf6 28.Rd2 Rac8 29.Rxa5 Ra8
30.Rxa8 Rxa8 31.Rxd4 Rxa4 32.b3 Rb4 33.Rd3 Kf7 34.Kf2 b5 35.Rc3 bxc4 36.bxc4 c5
37.Ke3 Ke7 38.Bd3 Kf6 39.Kd2 Ke7 40.Rc1 Rb2+ 41.Ke3 Rb4 42.Rc2 Kd6 43.Kd2 Ra4
44.Be2 Kc7 45.Rc3 Rb4 46.Kd3 Rb6 47.Ra3 Rd6+ 48.Ke3 Rd4 49.Ra4 Kd6 50.Bd3 Ke7
51.Ra5 Kd6 52.Ra6+ Kd7 53.Rb6 Bxc4 54.Bxf5+ Kc7 55.Rh6 Bb3 56.Be4 Rd6 57.Rh5 Kb6
58.Rh8 Kc7 59.Rh7+ Rd7 60.Rh5 c4 61.Rc5+ Kd8 62.Bd5 Rc7 63.Ra5 Bc2 64.Be4 Bb3
65.Ra3 Ke7 66.f5 Bd1 67.Kd2 Bb3 68.Kc3 Rd7 69.Ra8 Kf7 70.Ra6 Bd1 71.Kb4 Be2
72.Re6 Bd3 73.Kc3 Be2 74.Kb4 Bd3 75.Rh6 Kg7 76.Rg6+ Kf7 77.Kc3 Be2 78.Kb4 Bd3
79.Rh6 Kg7 80.Rc6 Rf7 81.Rg6+ Kf8 82.f6 Rb7+ 83.Kc3 Rb6 84.Rh6 Rd6 85.Kb4 Kf7  1/2-1/2

[Event "Open A"]
[Site "Hamburg GER"]
[Date "2005.10.07"]
[Round "5"]
[White "Laqua,C"]
[Black "Raddatz,M"]
[Result "1/2-1/2"]
[WhiteElo "2202"]
[BlackElo "2046"]

1.c4 e5 2.g3 Nf6 3.Bg2 d5 4.cxd5 Nxd5 5.Nf3 Bd6 6.Nc3 c6 7.O-O O-O 8.d4 Nxc3
9.bxc3 Nd7 10.Qc2 Qe7 11.e3 Rb8 12.a4 b6 13.Nh4 c5 14.Nf5 Qf6 15.Nxd6 Qxd6
16.Rd1 Qf6 17.Rb1 Re8 18.Ba3 Ba6 19.Bh3 Qc6 20.Bxd7 Qxd7 21.dxc5 Qc6 22.Rd6 Qf3
23.c6 Rbc8 24.e4 Be2 25.Re1 Bc4 26.Bb2 h5 27.Qd1 Qxd1 28.Rexd1 Bb3 29.Ra1 Re6
30.Rd7 Rexc6 31.Rxa7 Rd6 32.Ba3 Rd2 33.a5 bxa5 34.Rxa5 f6 35.Re1 Rcd8 36.Be7 R8d7
37.Bc5 Ba2 38.Ra8+ Kf7 39.Ra7 Rxa7 40.Bxa7 Rc2 41.Re3 Rc1+ 42.Kg2 Bc4 43.h4 g5
44.hxg5 fxg5 45.Rf3+ Ke6 46.Rf5 Bf1+ 47.Kh2 Be2 48.Be3 Rxc3 49.Bxg5 Rf3  1/2-1/2

[Event "Belgrade Premier League"]
[Site "Belgrade SCG"]
[Date "2005.10.08"]
[Round "8"]
[White "Jovic,A"]
[Black "Starcevic,G"]
[Result "1-0"]
[WhiteElo "2409"]
[BlackElo "2179"]

1.c4 e5 2.g3 Nf6 3.Bg2 h6 4.Nc3 Bb4 5.Qb3 Na6 6.a3 Ba5 7.Qb5 Bxc3 8.bxc3 Qe7
9.Nf3 Nc5 10.O-O c6 11.Qb1 d6 12.a4 Bf5  1-0

[Event "Open A"]
[Site "Hamburg GER"]
[Date "2005.10.08"]
[Round "8"]
[White "Willim,M"]
[Black "Salenko,V"]
[Result "1/2-1/2"]
[WhiteElo "2098"]
[BlackElo "2005"]

1.c4 e5 2.g3 Nf6 3.Bg2 c6 4.d4 exd4 5.Qxd4 d5 6.Nf3 Bb4+ 7.Nc3 O-O 8.cxd5 Nxd5
9.Nd2 Bxc3 10.bxc3 Na6 11.O-O Nac7 12.Nb3 Qf6 13.e4 Ne6 14.Qd2 Nb6 15.Na5 Rd8
16.Qc2 Qe5 17.Nb3 Qc7 18.f4 Nf8 19.f5 Nfd7 20.Bf4 Ne5 21.Rad1 Bd7 22.Nc5 Nbc4
23.Qb3 Qb6 24.Qxb6 axb6 25.Nxb7 Rf8 26.Nd6 Bc8 27.Nxc4 Nxc4 28.e5 Rxa2 29.Bxc6 Bxf5
30.Bd7 Bxd7 31.Rxd7 Rc2 32.Rc7 Rxc3 33.Rb1 Ra8 34.Rxb6 Nxb6 35.Rxc3 Nd5 36.Rc5 Nxf4
37.gxf4 Kf8 38.Kf2 Ra3 39.Rc7 g6 40.Kg2 Rb3 41.h4 h5 42.Ra7 Rc3  1/2-1/2

[Event "FSIMA October"]
[Site "Budapest HUN"]
[Date "2005.10.10"]
[Round "10"]
[White "Tavoularis,N"]
[Black "Vass,V"]
[Result "1-0"]
[WhiteElo "2211"]
[BlackElo "2193"]

1.c4 e5 2.g3 Nc6 3.Bg2 Nf6 4.d3 d5 5.cxd5 Nxd5 6.Nc3 Be6 7.Nf3 Be7 8.O-O Nb6
9.Be3 O-O 10.Rc1 f5 11.a3 f4 12.Bd2 Kh8 13.Ne4 g5 14.b4 g4 15.Rxc6 bxc6 16.Nxe5 Bd5
17.Nxg4 h5 18.Ne5 fxg3 19.hxg3 Kh7 20.Qc2 Qe8 21.Rc1 Bxb4 22.Bxb4 Qxe5 23.Bxf8 Rxf8
24.Qc5 Nd7 25.Qe3 Qf5 26.Bh3  1-0

[Event "Cupa ULIM"]
[Site "Kishinev MDA"]
[Date "2005.10.15"]
[Round "8"]
[White "Sanduleac,V"]
[Black "Bets,A"]
[Result "1/2-1/2"]
[WhiteElo "2479"]
[BlackElo "2370"]

1.c4 e5 2.g3 Nf6 3.Bg2 Nc6 4.Nc3 Bb4 5.Nd5 Be7 6.d3 O-O 7.Nf3 Re8 8.O-O d6
9.Nd2 a5 10.Nxf6+ Bxf6 11.Ne4 Be7  1/2-1/2

[Event "TCh-NED 2005-6"]
[Site "Netherlands NED"]
[Date "2005.10.15"]
[Round "2"]
[White "Van der Elburg,F"]
[Black "Carlier,B"]
[Result "0-1"]
[WhiteElo "2341"]
[BlackElo "2464"]

1.c4 e5 2.g3 d6 3.Bg2 g6 4.Nc3 Bg7 5.e4 Nc6 6.Nge2 h5 7.h4 Bg4 8.f3 Be6 9.d3 Qd7
10.Nd5 Nd8 11.d4 f5 12.dxe5 dxe5 13.O-O c6 14.Ne3 Qxd1 15.Rxd1 fxe4 16.f4 Bf5
17.fxe5 Bxe5 18.Nxf5 gxf5 19.Bh3 Ne7 20.Bg5 Nf7 21.Bxe7 Kxe7 22.Bxf5 Nd6
23.Bh3 Rad8 24.Rac1 Bxb2 25.Rc2 Be5 26.c5 Nb5 27.Rxd8 Rxd8 28.Bg2 Rd1+ 29.Kh2 Na3
30.Rc1 Rd2 31.Nf4 Bxf4 32.gxf4 e3 33.Kg3  0-1

[Event "Chigorin Mem"]
[Site "St Petersburg RUS"]
[Date "2005.10.18"]
[Round "4"]
[White "Vunder,Y"]
[Black "Mukhlisov,V"]
[Result "1/2-1/2"]
[WhiteElo "2257"]
[BlackElo "2119"]

1.c4 e5 2.g3 Nf6 3.Bg2 d5 4.cxd5 Nxd5 5.Nf3 Nc6 6.O-O Be7 7.d4 exd4 8.Nxd4 Nxd4
9.Qxd4 Nf6 10.Qa4+ c6 11.Rd1 Bd7 12.Nc3 O-O 13.Bg5 Qc8 14.Ne4 Nd5 15.Bxe7 Nxe7
16.Nd6 Qc7 17.Qb4 Be6 18.Qxb7 Qxb7 19.Nxb7 Rab8 20.Nc5 Rxb2 21.Nxe6 fxe6
22.Bf3 Nd5 23.Rac1 Rxa2 24.Rxc6 Rf6 25.Rxd5 Ra1+ 26.Kg2 exd5 27.Rc8+ Kf7
28.Rc7+ Kf8 29.Rc8+ Kf7 30.Rc7+  1/2-1/2

[Event "II Open"]
[Site "Calvia ESP"]
[Date "2005.10.21"]
[Round "1"]
[White "Hoenick,A"]
[Black "Franco Ocampos,Z"]
[Result "0-1"]
[WhiteElo "2158"]
[BlackElo "2524"]

1.c4 e5 2.g3 Nc6 3.Bg2 g6 4.Nc3 Bg7 5.e4 d6 6.Nge2 Nge7 7.O-O h5 8.f4 h4
9.d3 hxg3 10.hxg3 Bg4 11.Be3 Qd7 12.Qd2 Bh3 13.Rf2 O-O-O 14.Rc1 Bxg2 15.Rxg2 Rh3
16.Nd5 Rdh8 17.Kf2 f5 18.Ng1 Rh2 19.Nxe7+ Qxe7 20.exf5 exf4 21.gxf4 gxf5
22.Nf3 Rxg2+ 23.Kxg2 Bf6 24.Ng5 Bxg5 25.fxg5 Ne5 26.Rh1 Rg8 27.Bf4 Ng6 28.Kf3 b6
29.Qe3 Qd7 30.Qd4 Kb8 31.Rh6 Qa4 32.b3 Qxa2 33.Bxd6 Re8 34.Bxc7+ Kc8 35.Rh2 Qxb3
36.Rb2 Qd1+ 37.Kg2 Kxc7 38.Qg7+ Re7 39.Qxg6 Qg4+ 40.Kf2 Qd4+  0-1

[Event "TCh-BEL 2005-6"]
[Site "Belgium BEL"]
[Date "2005.10.23"]
[Round "2"]
[White "Cekro,E"]
[Black "Docx,S"]
[Result "0-1"]
[WhiteElo "2410"]
[BlackElo "2321"]

1.c4 e5 2.g3 Nf6 3.Bg2 c6 4.b3 d5 5.Bb2 Bd6 6.cxd5 cxd5 7.Nc3 d4 8.Nb5 Nc6
9.Nxd6+ Qxd6 10.Nf3 e4 11.Ng5 Bf5 12.f3 exf3 13.Nxf3 O-O 14.O-O Rfe8 15.Rc1 Be4
16.Bh3 Rad8 17.Nh4 Qe5 18.d3 Bg6 19.e4 Qa5 20.a3 Ne5 21.Ng2 Bh5 22.Qc2 Bg4
23.Bxg4 Nfxg4 24.b4 Qa6 25.Rcd1 Qh6 26.h4 Ne3 27.Nxe3 Qxe3+ 28.Kg2 Rc8 29.Qd2 Red8
30.Rf5 Qxd2+ 31.Rxd2 f6 32.Rf1 Kf7 33.h5 Ke6 34.Kh3 Rd7 35.Rff2 h6 36.Rf1 b5
37.Rff2 Rd6 38.Rf1 a6 39.Rff2 Rc7 40.Rf1 Rdd7 41.Rff2 Rd6 42.Rf1 Rf7 43.Kg2 Ng4
44.Re1 Rc7 45.Kh3 Ne5 46.Rf1 Kd7 47.Kg2 Kc8 48.Ra1 Kb7 49.Kf1 f5 50.exf5 Rf7
51.Kg2 Rxf5 52.Rh1 Ng4 53.Rh4 Ne3+ 54.Kh3 Rfd5 55.Re2 Kc6 56.Rxd4 Rxh5+ 57.Rh4 Rxh4+
58.Kxh4 Rxd3 59.Kh5 Nf5 60.Rc2+ Kd5 61.g4 Nd4 62.Rc7 Rh3+ 63.Kg6 Ne6 64.Rd7+ Kc6
65.Ra7 Rh4 66.Rxa6+ Kd5 67.Kf5 Rh2 68.Bc1 Rf2+ 69.Kg6 Rf6+ 70.Kh7 Nf8+ 71.Kxg7 Rxa6
72.Kxf8 Rg6 73.Kf7 Rxg4 74.Bxh6 Rg3 75.Ke7 Rxa3 76.Kd7 Kc4 77.Bf8 Rb3 78.Kc6 Rxb4  0-1

[Event "II Open"]
[Site "Calvia ESP"]
[Date "2005.10.25"]
[Round "6"]
[White "Perez Fungueiro,M"]
[Black "Campos Moreno,J"]
[Result "0-1"]
[WhiteElo "2277"]
[BlackElo "2470"]

1.c4 e5 2.g3 Nf6 3.Bg2 c6 4.d4 e4 5.Nc3 Bb4 6.Nh3 O-O 7.Qb3 Bxc3+ 8.bxc3 d6
9.O-O Re8 10.f3 exf3 11.exf3 Nbd7 12.a4 Qb6 13.Qa2 Qa5 14.Bd2 Nb6 15.Ng5 d5
16.cxd5 Qxd5 17.Ne4 Qxa2 18.Nxf6+ gxf6 19.Rxa2 Be6 20.Raa1 Kg7 21.a5 Nc4
22.Bf4 Bd5 23.Rfb1 Re7 24.Kf2 Rae8 25.Bf1 b5 26.axb6 axb6 27.Re1 b5 28.Rxe7 Rxe7
29.Bxc4 Bxc4 30.Be3 f5 31.Ra8 f6 32.g4 fxg4 33.fxg4 Kg6 34.h3 f5 35.Rf8 fxg4
36.hxg4 Ra7 37.g5 Bf7 38.Rc8 Bd5 39.Bd2 Ra2 40.Ke2 Kf5 41.Rf8+ Kg4 42.Rh8 Bc4+
43.Ke3 Ra7 44.Kf2 Rf7+ 45.Kg2 Re7 46.Rf8 Bf7 47.Kf2 Kf5 48.Rc8 Bd5 49.Rf8+ Ke4
50.Rf3 Rf7 51.Rxf7 Bxf7 52.Ke2 Bh5+ 53.Kf2 Kd3 54.Be1 Bg4 55.Kf1 Bf3 56.Kf2 Bd5
57.Kf1 Ke3 58.Bg3 Bc4+ 59.Kg1 Kd2 60.d5 Bxd5 61.Be5 c5 62.Kf2 b4 63.cxb4 cxb4  0-1

[Event "5th Rohde Open"]
[Site "Sautron FRA"]
[Date "2005.10.26"]
[Round "5"]
[White "Colovic,A"]
[Black "Vernay,C"]
[Result "1-0"]
[WhiteElo "2473"]
[BlackElo "2275"]

1.c4 e5 2.g3 Nf6 3.Bg2 d5 4.cxd5 Nxd5 5.Nf3 Nc6 6.O-O Nb6 7.d3 Be7 8.Nbd2 Be6
9.a3 a5 10.b3 f6 11.Bb2 Qd7 12.Qc2 O-O 13.Rfd1 Rfd8 14.Nc4 Qe8 15.Nxb6 cxb6
16.d4 Rac8 17.dxe5 Nxe5 18.Qe4 Nxf3+ 19.Qxf3 Qb5 20.Rxd8+ Rxd8 21.Qxb7 Bf8
22.e3 Qxb3 23.Bd4 Bc5 24.Bxc5 bxc5 25.Qe7 Qb6 26.Bc6 Bf7 27.Qe4 Qb3 28.Kg2 c4
29.Qe7 Qb6 30.Be4 g6 31.Rb1 Qd6 32.Qxd6 Rxd6 33.Rb8+ Kg7 34.Rc8 f5 35.Bf3 a4
36.Be2 Rd2 37.Bxc4 Rc2 38.Be6 Rxc8 39.Bxc8 Kf6 40.f4 Ke7 41.Kf2 Kd6 42.Ke2 Kc5
43.Kd3 Bc4+ 44.Kc3 Bd5 45.Bd7 Bb3 46.Be8 Bd1 47.Bf7 Bf3 48.Be8 Bd1 49.Bf7 Bf3
50.Bg8 h6 51.Bf7 Bh5 52.Be8  1-0

[Event "Autumn Open"]
[Site "St Petersburg RUS"]
[Date "2005.11.03"]
[Round "6"]
[White "Vunder,Y"]
[Black "Kononov,V"]
[Result "1/2-1/2"]
[WhiteElo "2257"]
[BlackElo "2104"]

1.c4 e5 2.g3 Nc6 3.Bg2 Nf6 4.Nc3 Bc5 5.e3 O-O 6.Nge2 a6 7.O-O d6 8.d3 Bf5
9.h3 h6 10.Kh2 Qc8 11.a3 Ne7 12.d4 Ba7 13.e4 exd4 14.Nxd4 Bh7 15.Be3 c6 16.Rc1 Nd7
17.Re1 Qc7 18.Re2 Rfe8 19.Rd2 Nc8 20.b4 Nf6 21.f3 Qe7 22.Bf2 Bb8 23.Re2 Qf8
24.Bf1 h5 25.h4 Ne7 26.Bh3 Ng6 27.Kg2 Ne5 28.Qb3 Nd3 29.Rd1 Nxf2 30.Rxf2 Bc7
31.Rfd2 Re5 32.Nde2 Kh8 33.Nf4 Rae8 34.Kh2 Qg8 35.Nd3 R5e7 36.Rg1 g5 37.hxg5 Qxg5
38.Rdg2 Rg8 39.Ne2 Qh6 40.Qc3 Rg7 41.Qc1 Qxc1 42.Nexc1 Ng4+ 43.Kh1 Ne3 44.Rh2 Nxc4
45.Bc8 Bb6 46.Rgg2 Ne3 47.Rg1 d5 48.exd5 Nxd5 49.Nc5 Bxc5 50.bxc5 Re3 51.Bxb7 Ne7
52.Re2 Rxe2 53.Nxe2 Rg5 54.Bxa6 Rxc5 55.Nf4 Ra5 56.Nxh5 Rxa3 57.Be2 Bg6 58.Nf4 Kg7
59.Rc1 Nf5 60.Kg2 Ra2 61.Kf2 Nd4 62.Ke3 Nf5+ 63.Kf2 Nd4  1/2-1/2